000 00754nam a22002657a 4500
001 BR9902934
003 BR-BrBNA
005 20230928100444.0
007 ta
008 230509b bl.||||| |||| 00| 0 por d
040 _aBR-BrBNA
_bpor
_cBiblioteca Nacional de Agricultura
041 _a(Por)
072 _aL01
090 _ L01 BR9902934
100 1 _aCruz, L.E.M. de B.
110 1 _aServico de Apoio as Micro e Pequenas Empresas do Estado de Mato Grosso, Cuiaba (Brasil)
_99297
245 1 _aVamos criar minhocas
_bColecao Agroindustria, v. 3
260 3 _aCuiaba, MT (Brasil):
_c1993.
300 _a43 p.
500 _a12 ref.; 6 illus.
650 _aMinhoca
650 _aCriacao
909 _a202309
_bLucia
_c55
_dLucia Elande
942 _cBK
999 _c61390
_d61390